Marketingové nástroje v procese zvyšovania trhovej hodnoty športovca

Z pohľadu financovania športovcov sa javí ako nevyhnutné vytvoriť funkčný model rozvoja trhovej hodnoty športovca, ktorý dokáže skĺbiť naraz niekoľko faktorov: osobnostné, trhové, marketingové, právne, finančné. Charakteristika trhovej hodnoty. Marketingové nástroje v tvorbe trhovej hodnoty. Špecif...

Descrizione completa

Salvato in:
Dettagli Bibliografici
Autore principale: Markulják, Michal
Natura: Capitolo di libro
Lingua:slovacco
Soggetti:
Tags: Aggiungi Tag
Nessun Tag, puoi essere il primo ad aggiungerne!!

MARC

LEADER 00000naa$a2200000$$$4500
001 0251417
005 20240502074031.7
041 0 |a slo 
044 |a SK 
245 1 0 |a Marketingové nástroje v procese zvyšovania trhovej hodnoty športovca  |c Michal Markulják 
520 |a Z pohľadu financovania športovcov sa javí ako nevyhnutné vytvoriť funkčný model rozvoja trhovej hodnoty športovca, ktorý dokáže skĺbiť naraz niekoľko faktorov: osobnostné, trhové, marketingové, právne, finančné. Charakteristika trhovej hodnoty. Marketingové nástroje v tvorbe trhovej hodnoty. Špecifiká trhovej hodnoty športovca. Nazeraním na športovca ako investičný artikel, kde na jednej strane sú pomenované konkrétne náklady na strane druhej potenciálne výnosy, sa dá vytvoriť udržateľný obchodný model podpory talentovaného športovca. 
610 2 0 |a hodnota trhová 
610 2 0 |a šport 
610 2 0 |a talenty 
610 2 0 |a marketing 
610 2 0 |a nástroje marketingové 
610 2 0 |a marketing mix 
610 2 0 |a investície 
610 2 0 |a sponzorovanie 
100 1 |a Markulják, Michal